| 000 | 00431nam a2200157 i 4500 | ||
|---|---|---|---|
| 001 | 84884 | ||
| 003 | ES-MaACL | ||
| 005 | 20230906175130.0 | ||
| 007 | t| | ||
| 008 | 041124s1931 sp ||||1| spa d | ||
| 100 | 1 |
_aJerez, Eliseo. _966331 |
|
| 245 | 1 | 3 |
_aEl problema penitenciario en España / _cEliseo Jerez. |
| 260 |
_aLogroño : _b[s.n., _c1931] ( _fViuda de Ochoa) |
||
| 300 |
_a15 p. ; _c22 cm. |
||
| 852 |
_aES-MaACL _j1756-F-4 |
||
| 999 |
_c84884 _d84884 |
||